| 000 | 00769nam a22002177a 4500 | ||
|---|---|---|---|
| 003 | LK-CoMWRAF | ||
| 005 | 20231010110313.0 | ||
| 008 | 231010b2011 |||||||| |||| 00| 0 eng d | ||
| 040 |
_aLK-CoMWRAF _dLK-CoMWRAF _eLK-CoMWRAF |
||
| 041 | _aeng | ||
| 082 |
_a349.5493 _bEIG |
||
| 245 |
_aThe eighteenth amendment to the constitution: _bsubstance and process |
||
| 260 |
_aColombo: _bCentre for Policy Alternatives, _c[2011] |
||
| 300 | _a 189 p. ; 21 cm. | ||
| 650 | _aCONSTITITIONAL LAW-Sri Lanka | ||
| 650 | _aExecutive power--Sri Lanka | ||
| 700 |
_aEdrisinha, Rohan _eed. |
||
| 700 |
_a Jayakody, Aruni _eed. |
||
| 856 | _uhttps://www.cpalanka.org/wp-content/uploads/2015/01/The-Eighteenth-Amendment-to-the-Constitution-Substance-and-Process.pdf | ||
| 942 | _cBK | ||
| 999 |
_c3827 _d3827 |
||